[Event "Dieppe op-A 8th"]
[Site "Dieppe"]
[Date "2012.08.26"]
[Round "1"]
[White "Simon, Stephane"]
[Black "Guliyev, Namig"]
[Result "0-1"]
[WhiteElo "1939"]
[BlackElo "2537"]
[PlyCount "82"]
[EventDate "2012.08.26"]
[EventType "swiss"]
[EventRounds "9"]
[EventCountry "FRA"]
[SourceTitle "EXT 2013"]
[Source "ChessBase"]
[SourceDate "2012.11.22"]
[SourceVersion "1"]
[SourceVersionDate "2012.11.22"]
[SourceQuality "1"]

1. d4 d5 2. e3 Nf6 3. Bd3 c5 4. c3 Nc6 5. f4 c4 6. Bc2 Bg4 7. Nf3 e6 8. Nbd2 Be7 9. 0-0 b5 10. Qe1 Qc7 11. Ne5 Bf5 12. e4 Nxe4 13. Nxe4 0-0 14. Qe2 Bxe4 15. Bxe4 dxe4 16. Qxe4 Rac8 17. Rf3 g6 18. Rh3 b4 19. Bd2 a5 20. Qe3 h5 21. Rf1 Bf6 22. g4 h4 23. g5 Bg7 24. Qf2 Rfd8 25. Qxh4 bxc3 26. bxc3 Ne7 27. Ng4 Nf5 28. Nf6+ Kf8 29. Qf2 Qe7 30. Ng4 Rb8 31. Bc1 Kg8 32. Qe2 Rb1 33. Nh6+ Bxh6 34. gxh6 Kh7 35. Re1 Qc7 36. Qe4 Rdb8 37. Rf3 Ra1 38. Rf2 Rbb1 39. Rff1 Qb7 40. Qe5 Rxa2 41. Qf6 Qg2# 0-1